History of Islam in Africa. (Record no. 9821)

MARC details
000 -LEADER
fixed length control field 00569nam a2200229 a 4500
020 ## - INTERNATIONAL STANDARD BOOK NUMBER
ISBN 0821473
082 00 - DEWEY DECIMAL CLASSIFICATION NUMBER
Classification number 297.096
Author Cutter LEV
100 ## - MAIN ENTRY--AUTHOR NAME
Author name Levtzion, Nehemia
245 ## - TITLE STATEMENT
Title History of Islam in Africa.
260 ## - PUBLICATION, DISTRIBUTION, ETC. (IMPRINT)
Place of publication Africa
Name of publisher Athen`s Ohio University Press
Year of publication 1999
300 ## - PHYSICAL DESCRIPTION
Number of Pages 591p
500 ## - GENERAL NOTE
General note includes index and biblioraphy
505 2# - FORMATTED CONTENTS NOTE
Formatted contents note Indexes
650 ## - SUBJECT ADDED ENTRY--TOPICAL TERM
Topical Term Islam-Africa
942 ## - ADDED ENTRY ELEMENTS (KOHA)
Koha item type Books
Holdings
Collection code Home library Current library Date acquired Cost, normal purchase price Full call number Accession Number Koha item type
  Henry Martyn Institute Library Henry Martyn Institute Library 11/06/2008 1190.00 297.096 LEV 019669 Books
                   Copyright © 2026 | Henry Martyn Institute | Hyderabad | TS-500052 | INDIA | Implemented by hmi.edu.in
Hit-Count:

Powered by Koha